| 000 | 00404nam a22001217a 4500 | ||
|---|---|---|---|
| 999 |
_c529309 _d529309 |
||
| 008 | 250311b ||||| |||| 00| 0 eng d | ||
| 100 |
_a Dhankhar, Sunaina and Yadav, Nisha _951235 |
||
| 245 | _aPublic distribution system for Sahariyas of Baran, Rajasthan: A status check | ||
| 260 | _aSocial Scientist | ||
| 300 | _a51(3-4), Mar-Apr, 2023: p.53-60 | ||
| 773 | _aSocial Scientist | ||
| 942 | _cAR | ||